| 000 | 00557cam2a220018100 4500 | ||
|---|---|---|---|
| 001 | mtr02017453 | ||
| 005 | 20190823110316.0 | ||
| 008 | 861208s1987 nyua b 001 0 eng | ||
| 020 | _a0471815187 | ||
| 035 | _a(Sirsi) r13897 | ||
| 050 | 0 | _aQC 174.8 HUA 1987 | |
| 100 | 1 |
_aHuang, Kerson, 1928- _dHuang, Kerson, 1928- _6A69470.1 |
|
| 245 | 1 | 0 |
_aStatistical mechanics / _cKerson Huang. |
| 250 | _a2nd ed. | ||
| 260 |
_aNew York : _bWiley, _cc1987. |
||
| 504 | _aIncludes bibliographical references and index. | ||
| 650 | 0 |
_aStatistical mechanics. _6S3070.1 |
|
| 999 |
_c150961 _d150961 |
||